|
|
|
|
| LEADER |
00909nab a2200229 i 4500 |
| 001 |
misc65673 |
| 005 |
20221006113550.0 |
| 008 |
220420s1933 hu o 0|| hun d |
| 040 |
|
|
|a SZTE Miscellanea Repozitórium
|b hun
|
| 041 |
|
|
|a hun
|
| 100 |
1 |
|
|a Horváth Tibor
|
| 245 |
1 |
0 |
|a Rostovtzeff, M.
|h [elektronikus dokumentum] :
|b Skythien und der Bosporus, Bd. I. Kritische Übersicht der schriftlichen uns archäologischen Quellen. Schoetz, Berlin, 1931. 651 l. : könyvismertetés /
|c Horváth Tibor
|
| 260 |
|
|
|c 1933
|
| 300 |
|
|
|a 85-89
|c 24 cm
|
| 490 |
0 |
|
|a Századok
|
| 561 |
|
|
|a Németh Gyula hagyaték
|
| 591 |
|
|
|a NOP 2368
|
| 650 |
|
4 |
|a Bölcsészettudományok
|
| 650 |
|
4 |
|a Történettudomány és régészet
|
| 695 |
|
|
|a Régészet - leletek - szkíta - könyvismertetés
|
| 700 |
0 |
1 |
|a Rostovcev Mihail Ivanovič
|
| 856 |
4 |
0 |
|u http://misc.bibl.u-szeged.hu/65673/1/2368_nop_h92.pdf
|z Dokumentum-elérés
|